[Event "Brome-Missisquoi op U2000"]
[Site "Granby CAN"]
[Date "2019.11.23"]
[Round "2.18"]
[White "Tsanaclis, Albert"]
[Black "Adam, Rafael"]
[Result "0-1"]
[WhiteElo "1656"]
[BlackElo "1684"]
[PlyCount "48"]
[EventDate "2019.11.22"]
[EventType "swiss"]
[EventRounds "5"]
[EventCountry "CAN"]

1. e4 e5 2. Nf3 Nc6 3. d4 exd4 4. Nxd4 Bc5 5. Nxc6 Qf6 6. Qf3 dxc6 7. Nc3 Be6
8. Na4 Bb4+ 9. c3 Bd6 10. Be3 Qg6 11. h3 Nf6 12. Bd3 Nd7 13. Bf4 Bxf4 14. Qxf4
b5 15. Qxc7 bxa4 16. Qxc6 O-O 17. Qxa4 Qxg2 18. O-O-O Qxf2 19. Bc2 Nb6 20. Qb5
Nc4 21. Rhg1 g6 22. Rge1 Rab8 23. Qa6 Rxb2 24. Qa4 Qf4+ 0-1

[Event "Brome-Missisquoi op U2000"]
[Site "Granby CAN"]
[Date "2019.11.23"]
[Round "3.11"]
[White "Wang, Rachel"]
[Black "Duplessis, Jean-Roch"]
[Result "1-0"]
[WhiteElo "1791"]
[BlackElo "1760"]
[PlyCount "71"]
[EventDate "2019.11.22"]
[EventType "swiss"]
[EventRounds "5"]
[EventCountry "CAN"]

1. d4 Nf6 2. c4 e6 3. Nc3 d5 4. Bg5 Be7 5. Nf3 Nbd7 6. e3 h6 7. Bh4 O-O 8. cxd5
exd5 9. Bd3 c6 10. O-O Re8 11. Rb1 a6 12. b4 Ne4 13. Bxe7 Qxe7 14. Qc2 Nxc3 15.
Qxc3 g5 16. Rfe1 Nf6 17. Qc5 Ne4 18. Bxe4 Qxe4 19. Nd2 Qg6 20. Nb3 f5 21. Qc3
f4 22. exf4 Bf5 23. Rxe8+ Rxe8 24. Re1 Rxe1+ 25. Qxe1 gxf4 26. f3 b6 27. Nc1
Qf6 28. Qd2 Qe7 29. Ne2 Qe3+ 30. Qxe3 fxe3 31. Nc1 c5 32. bxc5 bxc5 33. dxc5
Kf8 34. Kf1 d4 35. Ke2 Ke7 36. Nb3 1-0

[Event "Brome-Missisquoi op U2000"]
[Site "Granby CAN"]
[Date "2019.11.23"]
[Round "3.12"]
[White "Adam, Rafael"]
[Black "Liu, Lucas"]
[Result "1-0"]
[WhiteElo "1684"]
[BlackElo "1534"]
[PlyCount "105"]
[EventDate "2019.11.22"]
[EventType "swiss"]
[EventRounds "5"]
[EventCountry "CAN"]

1. d4 Nf6 2. Bg5 Ne4 3. Bf4 d6 4. Nd2 Nf6 5. e3 g6 6. c3 Bg7 7. Ngf3 O-O 8. Bd3
Nbd7 9. Qe2 c5 10. O-O b6 11. h3 Bb7 12. Rad1 d5 13. Ne5 c4 14. Bc2 b5 15. e4
e6 16. Rfe1 Re8 17. Qf3 a5 18. Bg5 Qb6 19. Bxf6 Nxf6 20. g4 Re7 21. g5 Nd7 22.
Nxd7 Rxd7 23. e5 b4 24. Rb1 a4 25. h4 b3 26. axb3 axb3 27. Bd1 Ra2 28. h5 Bc6
29. Kg2 Rda7 30. Kg3 Ra1 31. Be2 Rxb1 32. Rxb1 Ra2 33. Qh1 Qa5 34. Bxc4 dxc4
35. Qxc6 Ra1 36. Qe4 Rxb1 37. Qxb1 Qa2 38. hxg6 hxg6 39. Qc1 Qa4 40. Qf1 Qa5
41. Nxc4 Qd8 42. f4 Qd5 43. Nd2 Bf8 44. Qf3 Qb5 45. Qe4 Be7 46. Kf3 Qa4 47. Ke3
Qa2 48. Qb1 Kf8 49. Qxa2 bxa2 50. Nb3 Ke8 51. Kd3 Kd7 52. Kc4 Kc6 53. Na1 1-0

[Event "Brome-Missisquoi op U2000"]
[Site "Granby CAN"]
[Date "2019.11.23"]
[Round "3.13"]
[White "Mercure, Gilbert"]
[Black "Picard, Christian"]
[Result "1-0"]
[WhiteElo "1840"]
[BlackElo "1644"]
[PlyCount "67"]
[EventDate "2019.11.22"]
[EventType "swiss"]
[EventRounds "5"]
[EventCountry "CAN"]

1. e4 d5 2. exd5 Qxd5 3. Nc3 Qa5 4. b4 Qb6 5. Bc4 Nf6 6. Nf3 Bg4 7. Bxf7+ Kxf7
8. Ne5+ Kg8 9. Nxg4 Nxg4 10. Qxg4 h5 11. Qc8 c5 12. b5 e6 13. Qe8 Qd6 14. O-O
Qe7 15. Qg6 Nd7 16. d3 Qf6 17. Qe4 Qxc3 18. Qxe6+ Kh7 19. Qf5+ Kg8 20. Qd5+ Kh7
21. Qxh5+ Kg8 22. Qd5+ Kh7 23. Bf4 Nf6 24. Qxb7 Re8 25. Qxa7 Qd4 26. Be3 Qe5
27. Qb7 Bd6 28. g3 Nd5 29. Rae1 Kg6 30. c4 Qh5 31. h4 Nc3 32. Qc6 Rd8 33. Bg5
Ne2+ 34. Kg2 1-0

[Event "Brome-Missisquoi op U2000"]
[Site "Granby CAN"]
[Date "2019.11.23"]
[Round "3.14"]
[White "Milette, Patrick"]
[Black "Samson, Gaetan"]
[Result "0-1"]
[WhiteElo "1753"]
[BlackElo "1799"]
[PlyCount "102"]
[EventDate "2019.11.22"]
[EventType "swiss"]
[EventRounds "5"]
[EventCountry "CAN"]

1. Nf3 Nf6 2. c4 e6 3. g3 c5 4. Bg2 Nc6 5. d4 cxd4 6. Nxd4 Be7 7. Nc3 O-O 8. e4
Qb6 9. Nc2 Ne5 10. b3 d6 11. O-O Bd7 12. Be3 Qc7 13. h3 Rac8 14. f4 Ng6 15. Nd4
a6 16. Rc1 Rfd8 17. Qe1 Qb8 18. Qf2 b5 19. cxb5 axb5 20. g4 b4 21. Nce2 Rxc1
22. Rxc1 d5 23. exd5 Nxd5 24. Bxd5 exd5 25. Nc6 Bxc6 26. Rxc6 Rc8 27. Nd4 Bf6
28. Qc2 Re8 29. Qd2 Qb7 30. Rc1 Nh4 31. Kf2 Qe7 32. Qd3 Ng6 33. g5 Bxd4 34.
Qxd4 Nh4 35. Re1 Nf5 36. Qd3 g6 37. Bd2 Qa7+ 38. Be3 Nxe3 39. Rxe3 Qxa2+ 40.
Kg3 Rxe3+ 41. Qxe3 Qb2 42. Qe8+ Kg7 43. Qe5+ Qxe5 44. fxe5 Kf8 45. Kf3 Ke7 46.
Ke3 Ke6 47. Kd4 Kf5 48. h4 Ke6 49. Kc5 Kxe5 50. Kxb4 d4 51. Kc4 Ke4 0-1

[Event "Brome-Missisquoi op U2000"]
[Site "Granby CAN"]
[Date "2019.11.23"]
[Round "3.15"]
[White "St-Onge, Pierre"]
[Black "Hu, Raymond"]
[Result "1-0"]
[WhiteElo "1795"]
[BlackElo "1509"]
[PlyCount "77"]
[EventDate "2019.11.22"]
[EventType "swiss"]
[EventRounds "5"]
[EventCountry "CAN"]

1. e4 c5 2. f4 d6 3. Nf3 Nc6 4. c3 Nf6 5. Bd3 Qb6 6. Bc2 Bg4 7. d3 e6 8. b3 Be7
9. Be3 Qc7 10. h3 Bxf3 11. Qxf3 h5 12. Nd2 Qa5 13. Nb1 Nd4 14. Bxd4 cxd4 15. b4
Qc7 16. Ba4+ Nd7 17. c4 a6 18. O-O Rb8 19. a3 b5 20. Bb3 a5 21. cxb5 axb4 22.
a4 Qa5 23. Nd2 Qb6 24. Bc4 Ra8 25. Nb3 Nc5 26. a5 Qb7 27. Nxd4 Bf6 28. Qe3 Kd7
29. b6 Rhg8 30. e5 Be7 31. Bb5+ Kc8 32. Bc6 Qb8 33. Bxa8 Qxa8 34. exd6 Bxd6 35.
Nb5 Be7 36. Rfc1 g5 37. Rxc5+ Bxc5 38. Qxc5+ Kb7 39. a6+ 1-0

[Event "Brome-Missisquoi op U2000"]
[Site "Granby CAN"]
[Date "2019.11.23"]
[Round "3.16"]
[White "Yergeau, Simon"]
[Black "Wang, Isabelle"]
[Result "1/2-1/2"]
[WhiteElo "1677"]
[BlackElo "1727"]
[PlyCount "81"]
[EventDate "2019.11.22"]
[EventType "swiss"]
[EventRounds "5"]
[EventCountry "CAN"]

1. d4 d5 2. Bf4 e6 3. e3 Nf6 4. Nf3 Be7 5. Bd3 O-O 6. Nbd2 b6 7. Qe2 Bb7 8. c3
Ne4 9. O-O Nd7 10. c4 Nxd2 11. Nxd2 Nf6 12. h3 c5 13. dxc5 bxc5 14. cxd5 exd5
15. b3 h6 16. Rac1 Bd6 17. Bxd6 Qxd6 18. Rfd1 Qb6 19. Nf3 Rfe8 20. Qc2 d4 21.
Qxc5 Qxc5 22. Rxc5 dxe3 23. fxe3 Rxe3 24. Ne1 Rae8 25. Nc2 Rg3 26. Bf1 Re7 27.
Kh2 Rg6 28. Rd8+ Kh7 29. Nb4 Bxg2 30. Rcc8 Rg5 31. Bd3+ Be4 32. Bxe4+ Rxe4 33.
Nd3 Re2+ 34. Kh1 Rf5 35. Kg1 Nh5 36. Re8 Rxa2 37. Ne5 g6 38. Ng4 Ra1+ 39. Kh2
Ra2+ 40. Kg1 Ra1+ 41. Kh2 1/2-1/2

[Event "Brome-Missisquoi op U2000"]
[Site "Granby CAN"]
[Date "2019.11.23"]
[Round "3.17"]
[White "Guillemette, Hugo"]
[Black "Simard, Francois"]
[Result "1-0"]
[WhiteElo "1764"]
[BlackElo "1811"]
[PlyCount "61"]
[EventDate "2019.11.22"]
[EventType "swiss"]
[EventRounds "5"]
[EventCountry "CAN"]

1. e4 c5 2. Nf3 Nc6 3. Bb5 a6 4. Bxc6 bxc6 5. d4 cxd4 6. Qxd4 d5 7. exd5 cxd5
8. O-O h6 9. Nc3 Nf6 10. Re1 e6 11. Ne5 Qa5 12. Be3 Qb4 13. f4 Qxd4 14. Bxd4
Bd6 15. Na4 O-O 16. Nb6 Rb8 17. Nc6 Rb7 18. g3 Rc7 19. Ne5 Bc5 20. Bxc5 Rxc5
21. a4 Re8 22. c3 Re7 23. Re3 Nd7 24. b4 Rc7 25. Nexd7 Bxd7 26. Nxd5 Bc6 27.
Nxe7+ Rxe7 28. c4 Rd7 29. b5 Bb7 30. c5 Rd2 31. c6 1-0

[Event "Brome-Missisquoi op U2000"]
[Site "Granby CAN"]
[Date "2019.11.23"]
[Round "3.18"]
[White "Mai, Deren"]
[Black "Tsanaclis, Albert"]
[Result "0-1"]
[WhiteElo "1531"]
[BlackElo "1656"]
[PlyCount "56"]
[EventDate "2019.11.22"]
[EventType "swiss"]
[EventRounds "5"]
[EventCountry "CAN"]

1. e4 c5 2. Nc3 Nc6 3. g3 g6 4. Bg2 Bg7 5. Nge2 d6 6. d3 Bd7 7. O-O h5 8. Be3
h4 9. d4 hxg3 10. fxg3 cxd4 11. Nxd4 Ne5 12. Nf3 Ng4 13. Bd4 e5 14. Bf2 Nxf2
15. Rxf2 Bc6 16. Rd2 Qb6+ 17. Kh1 Qxb2 18. Rd3 O-O-O 19. a3 Nh6 20. Rb1 Qxa3
21. Nb5 Qc5 22. Rc3 Qb6 23. Nd2 Kb8 24. Nc4 Qf2 25. Ncxd6 Bxb5 26. Rxb5 Ng4 27.
h3 Rxh3+ 28. Bxh3 Qh2# 0-1

[Event "Brome-Missisquoi op U2000"]
[Site "Granby CAN"]
[Date "2019.11.24"]
[Round "4.11"]
[White "Adam, Rafael"]
[Black "Wang, Rachel"]
[Result "1/2-1/2"]
[WhiteElo "1684"]
[BlackElo "1791"]
[PlyCount "53"]
[EventDate "2019.11.22"]
[EventType "swiss"]
[EventRounds "5"]
[EventCountry "CAN"]

1. d4 d5 2. c4 dxc4 3. Nf3 Nf6 4. e3 e6 5. Bxc4 c5 6. O-O Nc6 7. Nc3 cxd4 8.
exd4 Be7 9. h3 O-O 10. Be3 a6 11. Rc1 b5 12. Be2 Nb4 13. Ne5 Bb7 14. Bf3 Nbd5
15. Qe2 Rc8 16. Bd2 Qb6 17. Nxd5 Bxd5 18. Bxd5 exd5 19. Be3 Qb7 20. Rfe1 Bb4
21. Bd2 Bxd2 22. Qxd2 Ne4 23. Qe3 Nd6 24. b3 Rxc1 25. Rxc1 Rc8 26. Nf3 Rxc1+
27. Qxc1 1/2-1/2

[Event "Brome-Missisquoi op U2000"]
[Site "Granby CAN"]
[Date "2019.11.24"]
[Round "4.12"]
[White "Mercure, Gilbert"]
[Black "St-Onge, Pierre"]
[Result "0-1"]
[WhiteElo "1840"]
[BlackElo "1795"]
[PlyCount "61"]
[EventDate "2019.11.22"]
[EventType "swiss"]
[EventRounds "5"]
[EventCountry "CAN"]

1. e4 e5 2. Nf3 Nc6 3. Bc4 Qf6 4. Nc3 Bd6 5. d3 Nd4 6. Be3 Nxf3+ 7. gxf3 c6 8.
Rg1 h6 9. Qe2 Bb4 10. O-O-O Bxc3 11. bxc3 b5 12. d4 bxc4 13. dxe5 Qxe5 14. Rg4
Qxc3 15. Bd4 Qa3+ 16. Bb2 Qxa2 17. Bxg7 Rh7 18. Bc3 Ne7 19. Kd2 Qa3 20. Qxc4 d5
21. Qd4 Bxg4 22. Bb4 Qxf3 23. Re1 Qf4+ 24. Kc3 Be6 25. Qc5 Qf6+ 26. e5 Qh4 27.
f4 a5 28. Qe3 axb4+ 29. Kxb4 Rb8+ 30. Kc5 Rb5+ 31. Kd6 0-1

[Event "Brome-Missisquoi op U2000"]
[Site "Granby CAN"]
[Date "2019.11.24"]
[Round "4.13"]
[White "Samson, Gaetan"]
[Black "Omichi, Haruaki"]
[Result "1/2-1/2"]
[WhiteElo "1799"]
[BlackElo "1685"]
[PlyCount "146"]
[EventDate "2019.11.22"]
[EventType "swiss"]
[EventRounds "5"]
[EventCountry "CAN"]

1. e4 c5 2. Nf3 Nc6 3. d4 cxd4 4. Nxd4 g6 5. Nc3 Bg7 6. Be3 Nf6 7. f3 d6 8. Qd2
O-O 9. O-O-O Bd7 10. g4 Qa5 11. Nb3 Qd8 12. h4 Ne5 13. Be2 Rc8 14. h5 b5 15.
Bh6 Qc7 16. Nd4 e6 17. Bxg7 Kxg7 18. hxg6 fxg6 19. Bxb5 Nxf3 20. Qh6+ Kg8 21.
Bxd7 Qxd7 22. Nxf3 Nxg4 23. Rxd6 Qf7 24. Qh4 h5 25. Rd3 Qf4+ 26. Kb1 Rc7 27.
Ng5 Qe5 28. Nf3 Qc5 29. Rd8 Rb7 30. Rxf8+ Kxf8 31. Qd8+ Kg7 32. Qd4+ Qxd4 33.
Nxd4 e5 34. Ne6+ Kf6 35. Nc5 Rg7 36. Nd5+ Kf7 37. Rf1+ Ke8 38. Nf6+ Nxf6 39.
Rxf6 g5 40. Re6+ Re7 41. Rg6 g4 42. Rh6 Rf7 43. Kc1 g3 44. Rg6 h4 45. Nd3 h3
46. Rxg3 h2 47. Rh3 Rf1+ 48. Kd2 h1=Q 49. Rxh1 Rxh1 50. Nxe5 Rh2+ 51. Kd3 Rh3+
52. Kd4 Rh2 53. Kc3 Rh3+ 54. Nd3 Ke7 55. Kd4 Rh4 56. c4 Kd6 57. b4 Rh2 58. a4
Ra2 59. a5 Ra1 60. e5+ Ke6 61. a6 Rh1 62. b5 Rh4+ 63. Kc5 Rh8 64. b6 Rc8+ 65.
Kb5 axb6 66. a7 Kd7 67. Kxb6 Rc6+ 68. Kb5 Rc8 69. c5 Kc7 70. c6 Ra8 71. Ka6
Kxc6 72. Nb4+ Kc7 73. e6 Kd6 1/2-1/2

[Event "Brome-Missisquoi op U2000"]
[Site "Granby CAN"]
[Date "2019.11.24"]
[Round "4.14"]
[White "Duplessis, Jean-Roch"]
[Black "Guillemette, Hugo"]
[Result "1/2-1/2"]
[WhiteElo "1760"]
[BlackElo "1764"]
[PlyCount "63"]
[EventDate "2019.11.22"]
[EventType "swiss"]
[EventRounds "5"]
[EventCountry "CAN"]

1. e4 e5 2. Nf3 Nc6 3. Nc3 Nf6 4. Bb5 Bb4 5. O-O O-O 6. d3 d6 7. Bg5 Bxc3 8.
bxc3 Qe7 9. Bxc6 bxc6 10. c4 h6 11. Bxf6 Qxf6 12. h3 Be6 13. Nh2 Qg6 14. Kh1 f5
15. exf5 Bxf5 16. f4 exf4 17. Rxf4 Bd7 18. Qf3 Rxf4 19. Qxf4 Rf8 20. Qe3 c5 21.
Rf1 Rxf1+ 22. Nxf1 Qf6 23. Qe1 Bc6 24. Nd2 Qg6 25. Nf3 Bxf3 26. gxf3 Qh5 27.
Qe6+ Kh7 28. Qe4+ Qg6 29. Qg4 Qf6 30. Qe4+ Qg6 31. Qg4 Qf6 32. Qe4+ 1/2-1/2

[Event "Brome-Missisquoi op U2000"]
[Site "Granby CAN"]
[Date "2019.11.24"]
[Round "4.15"]
[White "Liu, Lucas"]
[Black "Yergeau, Simon"]
[Result "1/2-1/2"]
[WhiteElo "1534"]
[BlackElo "1677"]
[PlyCount "76"]
[EventDate "2019.11.22"]
[EventType "swiss"]
[EventRounds "5"]
[EventCountry "CAN"]

1. d4 d5 2. c4 c6 3. Nf3 Nf6 4. Nc3 dxc4 5. a4 Bf5 6. Ne5 Nbd7 7. Nxc4 Nb6 8.
Ne5 e6 9. f3 Be7 10. e4 Bg6 11. Be2 a5 12. O-O O-O 13. Nxg6 hxg6 14. e5 Nfd7
15. f4 Nd5 16. Kh1 N7b6 17. g4 c5 18. dxc5 Nxc3 19. bxc3 Qxd1 20. Rxd1 Bxc5 21.
Bf3 Rab8 22. Ba3 Nxa4 23. Bxc5 Nxc5 24. Rxa5 Rfc8 25. Rb5 Na4 26. Rxb7 Nxc3 27.
Rc1 Rxb7 28. Bxb7 Rb8 29. Rxc3 Rxb7 30. Rc8+ Kh7 31. Kg2 Rb3 32. Rf8 Rb2+ 33.
Kg3 Rb3+ 34. Kh4 Rb7 35. Kg5 Ra7 36. Kh4 Rb7 37. Kg5 Ra7 38. Kh4 Rb7 1/2-1/2

[Event "Brome-Missisquoi op U2000"]
[Site "Granby CAN"]
[Date "2019.11.24"]
[Round "4.16"]
[White "Picard, Christian"]
[Black "Milette, Patrick"]
[Result "0-1"]
[WhiteElo "1644"]
[BlackElo "1753"]
[PlyCount "50"]
[EventDate "2019.11.22"]
[EventType "swiss"]
[EventRounds "5"]
[EventCountry "CAN"]

1. e4 g6 2. d4 Bg7 3. Nc3 a6 4. Bc4 b5 5. Bb3 Bb7 6. f3 e6 7. Be3 d6 8. Nge2
Nd7 9. a3 c5 10. O-O Ne7 11. Qd2 O-O 12. Bh6 Bxh6 13. Qxh6 cxd4 14. Nd1 d5 15.
Nf2 dxe4 16. fxe4 Nc5 17. Ba2 Nxe4 18. Nxe4 Bxe4 19. Rad1 Nf5 20. Rxf5 exf5 21.
Nf4 Qf6 22. Kh1 Qg7 23. Qh3 Bxc2 24. Re1 Rfe8 25. Qg3 d3 0-1

[Event "Brome-Missisquoi op U2000"]
[Site "Granby CAN"]
[Date "2019.11.24"]
[Round "4.17"]
[White "Tsanaclis, Albert"]
[Black "Hu, Raymond"]
[Result "1-0"]
[WhiteElo "1656"]
[BlackElo "1509"]
[PlyCount "99"]
[EventDate "2019.11.22"]
[EventType "swiss"]
[EventRounds "5"]
[EventCountry "CAN"]

1. e4 c5 2. Nf3 Nc6 3. d4 cxd4 4. Nxd4 Nf6 5. Nc3 e5 6. Ndb5 d6 7. Nd5 Nxd5 8.
exd5 Nb8 9. c3 Be7 10. Be3 a6 11. Qa4 Bd7 12. Qa3 Bxb5 13. Bxb5+ Nd7 14. Bd3
O-O 15. Bf5 g6 16. Bc2 f5 17. O-O-O f4 18. Bd2 b5 19. h4 Nf6 20. f3 Qb6 21. Kb1
a5 22. Be1 Rfb8 23. g3 b4 24. cxb4 axb4 25. Qb3 Nd7 26. gxf4 exf4 27. Qc4 Nc5
28. Bf2 Rc8 29. Bb3 Qa6 30. Bxc5 dxc5 31. d6+ Qxc4 32. Bxc4+ Kf8 33. dxe7+ Kxe7
34. Rhe1+ Kf6 35. Re6+ Kg7 36. Rd7+ Kh6 37. Ree7 Rh8 38. Kc2 Rae8 39. Rf7 Ref8
40. Kb3 Rxf7 41. Rxf7 g5 42. hxg5+ Kxg5 43. Rg7+ Kf5 44. Bd3+ Ke5 45. Rxh7 Rxh7
46. Bxh7 Kd5 47. Be4+ Kd4 48. Ka4 Ke3 49. Kb5 Kd4 50. b3 1-0

[Event "Brome-Missisquoi op U2000"]
[Site "Granby CAN"]
[Date "2019.11.24"]
[Round "5.11"]
[White "Wang, Rachel"]
[Black "Samson, Gaetan"]
[Result "1/2-1/2"]
[WhiteElo "1791"]
[BlackElo "1799"]
[PlyCount "84"]
[EventDate "2019.11.22"]
[EventType "swiss"]
[EventRounds "5"]
[EventCountry "CAN"]

1. d4 d5 2. c4 c6 3. Nc3 Nf6 4. Nf3 e6 5. Bg5 Be7 6. e3 O-O 7. Rc1 Nbd7 8. Bd3
dxc4 9. Bxc4 Nb6 10. Bd3 Nbd5 11. O-O h6 12. Bh4 Nxc3 13. bxc3 Nd7 14. Bxe7
Qxe7 15. Bb1 c5 16. Qd3 g6 17. e4 b6 18. Nd2 Bb7 19. f4 f5 20. Qg3 Kh7 21. Rce1
Qg7 22. exf5 exf5 23. Qh4 Rae8 24. Nc4 Nf6 25. Nd6 Rxe1 26. Rxe1 cxd4 27. cxd4
Bd5 28. Nb5 Qd7 29. Nc3 Bb7 30. Qf2 Rc8 31. Qd2 Rc4 32. Qe3 Ng4 33. Qe7+ Qxe7
34. Rxe7+ Kg8 35. Ne2 Rb4 36. Nc3 Be4 37. Bxe4 fxe4 38. h3 Rc4 39. hxg4 Rxc3
40. Rxe4 Ra3 41. Re2 Rd3 42. Re4 Ra3 1/2-1/2

[Event "Brome-Missisquoi op U2000"]
[Site "Granby CAN"]
[Date "2019.11.24"]
[Round "5.12"]
[White "St-Onge, Pierre"]
[Black "Adam, Rafael"]
[Result "0-1"]
[WhiteElo "1795"]
[BlackElo "1684"]
[PlyCount "84"]
[EventDate "2019.11.22"]
[EventType "swiss"]
[EventRounds "5"]
[EventCountry "CAN"]

1. e4 e5 2. f4 exf4 3. Nf3 Nf6 4. Bd3 d6 5. c3 Bg4 6. O-O Nbd7 7. Bc2 Ne5 8. d4
Nxf3+ 9. Rxf3 g5 10. Qd3 Bxf3 11. Qxf3 Bg7 12. Na3 Qd7 13. e5 dxe5 14. Qxb7 O-O
15. dxe5 Nd5 16. c4 Ne7 17. Qe4 Ng6 18. h4 Bxe5 19. h5 f5 20. Qd5+ Qxd5 21.
cxd5 Ne7 22. Nc4 Bd4+ 23. Kh2 Nxd5 24. Bd2 Nb6 25. Bb3 Kg7 26. Na5 Bxb2 27. Rb1
Bf6 28. Rc1 Rfd8 29. Rxc7+ Rd7 30. Rc2 Rad8 31. Bb4 Nd5 32. Ba3 Ne3 33. Rc1 Rd2
34. Nb7 R8d7 35. h6+ Kxh6 36. Bf8+ Kh5 37. Nc5 Rxg2+ 38. Kh1 Rdd2 39. Bd5 Rh2+
40. Kg1 Nxd5 41. Nb3 Rdg2+ 42. Kf1 Ne3+ 0-1

[Event "Brome-Missisquoi op U2000"]
[Site "Granby CAN"]
[Date "2019.11.24"]
[Round "5.13"]
[White "Omichi, Haruaki"]
[Black "Liu, Lucas"]
[Result "1/2-1/2"]
[WhiteElo "1685"]
[BlackElo "1534"]
[PlyCount "72"]
[EventDate "2019.11.22"]
[EventType "swiss"]
[EventRounds "5"]
[EventCountry "CAN"]

1. e4 c5 2. Ne2 Nc6 3. Nbc3 d6 4. g3 g6 5. Bg2 Bg7 6. d3 e5 7. O-O Nge7 8. f4
O-O 9. h3 Nd4 10. g4 exf4 11. Nxf4 Rb8 12. Ncd5 b5 13. c3 Ndc6 14. Be3 b4 15.
Qd2 Nxd5 16. Nxd5 Be6 17. Nf4 Qa5 18. c4 b3 19. Qxa5 Nxa5 20. axb3 Nc6 21. Nxe6
fxe6 22. Rxf8+ Rxf8 23. Ra6 Bd4 24. Bxd4 Nxd4 25. Rxd6 Rb8 26. Ra6 Rxb3 27.
Rxa7 Rxb2 28. Ra5 Rd2 29. Rxc5 Rxd3 30. Rc8+ Kg7 31. g5 Rc3 32. Rc7+ Kg8 33. c5
e5 34. Rc8+ Kg7 35. Rc7+ Kg8 36. Rc8+ Kg7 1/2-1/2

[Event "Brome-Missisquoi op U2000"]
[Site "Granby CAN"]
[Date "2019.11.24"]
[Round "5.14"]
[White "Guillemette, Hugo"]
[Black "Tsanaclis, Albert"]
[Result "1-0"]
[WhiteElo "1764"]
[BlackElo "1656"]
[PlyCount "69"]
[EventDate "2019.11.22"]
[EventType "swiss"]
[EventRounds "5"]
[EventCountry "CAN"]

1. e4 c5 2. Nf3 Nc6 3. Bb5 g6 4. Bxc6 dxc6 5. d3 Bg7 6. h3 e6 7. Nc3 Ne7 8. Be3
b6 9. O-O Bb7 10. Qd2 h6 11. Bf4 Nc8 12. Rad1 Nd6 13. Qe3 Qe7 14. Ne5 O-O 15.
Ne2 Kh7 16. Bh2 f6 17. Nf3 e5 18. Nd2 Rad8 19. f4 exf4 20. Qxf4 Qe6 21. Qf3 Nf7
22. Nf4 Qd7 23. Qg3 g5 24. Nh5 Qd4+ 25. Kh1 Ne5 26. Nf3 Nxf3 27. Qxf3 Qxb2 28.
Qf5+ Kh8 29. Qg6 Rd7 30. Bd6 Rff7 31. Nxg7 Rxg7 32. Qxh6+ Kg8 33. Rxf6 Rdf7 34.
Re6 Rf8 35. Bxf8 1-0

[Event "Brome-Missisquoi op U2000"]
[Site "Granby CAN"]
[Date "2019.11.24"]
[Round "5.15"]
[White "Wang, Isabelle"]
[Black "Mai, Deren"]
[Result "1/2-1/2"]
[WhiteElo "1727"]
[BlackElo "1531"]
[PlyCount "61"]
[EventDate "2019.11.22"]
[EventType "swiss"]
[EventRounds "5"]
[EventCountry "CAN"]

1. e4 c5 2. Nf3 Nc6 3. d4 cxd4 4. Nxd4 Nf6 5. Nc3 e5 6. Ndb5 d6 7. Bg5 a6 8.
Na3 b5 9. Bxf6 gxf6 10. Nd5 Bg7 11. Bd3 Be6 12. O-O Bxd5 13. exd5 Ne7 14. Qg4
O-O 15. c3 Qc8 16. Qh4 Ng6 17. Qh5 Re8 18. Be4 Rb8 19. Rac1 Qc5 20. b4 Qb6 21.
Nb1 a5 22. a3 axb4 23. axb4 Ra8 24. Nd2 Ra2 25. Nb3 Rc8 26. Na5 Ra8 27. Qh3 h6
28. Bxg6 fxg6 29. Qe6+ Kh7 30. Qd7 Rd2 31. Rcd1 1/2-1/2

[Event "Brome-Missisquoi op U2000"]
[Site "Granby CAN"]
[Date "2019.11.24"]
[Round "5.16"]
[White "Hu, Raymond"]
[Black "Picard, Christian"]
[Result "0-1"]
[WhiteElo "1509"]
[BlackElo "1644"]
[PlyCount "96"]
[EventDate "2019.11.22"]
[EventType "swiss"]
[EventRounds "5"]
[EventCountry "CAN"]

1. e4 d5 2. exd5 Qxd5 3. d4 Nf6 4. Nf3 Bg4 5. Be2 c6 6. Nc3 Qa5 7. O-O Qc7 8.
Be3 e6 9. a3 Nbd7 10. Qd2 Bd6 11. h3 Bf5 12. Bd3 Bg6 13. Na2 Bxd3 14. Qxd3 O-O
15. c4 Rad8 16. Qc2 c5 17. dxc5 Bxc5 18. Bxc5 Nxc5 19. b4 Nce4 20. Rac1 Qf4 21.
Rfd1 Ng5 22. Nxg5 Qxg5 23. Rxd8 Rxd8 24. Rd1 Nh5 25. Rxd8+ Qxd8 26. c5 Qd4 27.
Nc1 Nf4 28. a4 Nd5 29. c6 bxc6 30. Qxc6 g6 31. Qc5 Qxb4 32. Qxb4 Nxb4 33. Kf1
Nd5 34. Ne2 Kf8 35. Ke1 Ke7 36. Kd2 Kd6 37. Kc2 Kc5 38. Kb3 e5 39. g3 f5 40. f3
e4 41. f4 h5 42. h4 a5 43. Nc3 Nxc3 44. Kxc3 e3 45. Kd3 Kb4 46. Kxe3 Kxa4 47.
Kd2 Kb3 48. Kc1 Kc3 0-1

[Event "CAN-ch"]
[Site "Kingston CAN"]
[Date "2019.04.18"]
[Round "1.1"]
[White "Doknjas, Joshua"]
[Black "Bareev, Evgeny"]
[Result "1-0"]
[WhiteElo "2203"]
[BlackElo "2642"]
[PlyCount "65"]
[EventDate "2019.04.18"]
[EventType "swiss"]
[EventRounds "9"]
[EventCountry "CAN"]

1. e4 d6 2. d4 g6 3. Nc3 Bg7 4. Be3 a6 5. h4 h5 6. Nh3 Nd7 7. Ng5 e6 8. Bc4 Qe7
9. a4 Ngf6 10. Qd2 b6 11. d5 e5 12. f3 O-O 13. Qe2 Bb7 14. Rd1 Nc5 15. b3 Bc8
16. b4 Ncd7 17. a5 Bb7 18. Qf2 Rac8 19. Bb3 b5 20. Qd2 Nh7 21. Ne2 f5 22. Ne6
fxe4 23. Nxf8 Rxf8 24. fxe4 Ndf6 25. O-O Nxe4 26. Rxf8+ Bxf8 27. Qe1 Bc8 28. c4
Bd7 29. Bc2 Nef6 30. cxb5 Ng4 31. Nc3 axb5 32. Bxg6 Nhf6 33. a6 1-0

[Event "CAN-ch"]
[Site "Kingston CAN"]
[Date "2019.04.18"]
[Round "1.2"]
[White "Yang, Kaiqi"]
[Black "Gordon, David"]
[Result "1-0"]
[WhiteElo "2505"]
[BlackElo "2185"]
[PlyCount "91"]
[EventDate "2019.04.18"]
[EventType "swiss"]
[EventRounds "9"]
[EventCountry "CAN"]

1. c4 e6 2. g3 d5 3. Bg2 Nf6 4. Nf3 Be7 5. d4 O-O 6. Nc3 dxc4 7. Ne5 c5 8. dxc5
Qxd1+ 9. Nxd1 Bxc5 10. Nc3 Nc6 11. Nxc4 Bd7 12. Bf4 Nd4 13. Bxb7 Nc2+ 14. Kd2
Nxa1 15. Bxa8 Rxa8 16. Rxa1 Bb4 17. f3 Bb5 18. Ne5 Rd8+ 19. Ke1 Nd5 20. Bd2
Nxc3 21. Bxc3 Be7 22. a4 Be8 23. Nd3 f6 24. b4 Rc8 25. Kd2 Kf7 26. b5 Rc4 27.
Kc2 Bd6 28. Kb3 Rc7 29. Bb4 Ke7 30. Rc1 Rxc1 31. Nxc1 e5 32. Nd3 Bf7+ 33. Kc3
Kd7 34. Bxd6 Kxd6 35. Kb4 g5 36. e3 Kd5 37. Nc5 h5 38. Ne4 Ke6 39. Kc5 Bg6 40.
Nc3 f5 41. a5 f4 42. exf4 exf4 43. gxf4 gxf4 44. Nd5 Ke5 45. b6 axb6+ 46. axb6
1-0

[Event "CAN-ch"]
[Site "Kingston CAN"]
[Date "2019.04.18"]
[Round "1.3"]
[White "Dukic, Zachary"]
[Black "Noritsyn, Nikolay"]
[Result "0-1"]
[WhiteElo "2167"]
[BlackElo "2489"]
[PlyCount "74"]
[EventDate "2019.04.18"]
[EventType "swiss"]
[EventRounds "9"]
[EventCountry "CAN"]

1. e4 Nf6 2. e5 Nd5 3. d4 d6 4. Nf3 Bg4 5. Be2 e6 6. O-O Be7 7. c4 Nb6 8. Be3
Nc6 9. Nbd2 O-O 10. a3 dxe5 11. dxe5 Nd7 12. Bf4 f6 13. exf6 Bxf6 14. Bg3 Bf5
15. Ra2 e5 16. b4 e4 17. Ne1 a5 18. b5 Nd4 19. Bg4 Nc5 20. Bxf5 Nxf5 21. Qg4
Nxg3 22. Qxg3 a4 23. Qe3 Bd4 24. Qe2 Rxf2 25. Rxf2 e3 26. Nef3 exf2+ 27. Kf1
Bf6 28. Ne4 Nb3 29. Nxf2 Qd7 30. Rc2 Re8 31. Qd3 Qxd3+ 32. Nxd3 Re3 33. Nfe1
Re4 34. c5 Be7 35. Kf2 Rd4 36. Ke2 Rd5 37. Rc4 Nxc5 0-1